000
00270 a2200133 4500
001
155375
040
_c
Escola São Tomás de Aquino
240
1
0
_a
Dinossauros
_l
por
245
1
0
_a
Dinossauros
362
0
_a
1990
440
1
_a
Globo
697
_a
CIÊNCIAS
942
_c
BK
999
_c
155375
_d
155375